Biblioteka Instytutu Północnego w Olsztynie

Widok standardowy Widok MARC

Pozycja Personal Name

Liczba rekordów, w których użyto hasła: 10

001 - Numer kontrolny

  • control field: 39496

003 - Identyfikator numeru kontrolnego

  • control field: NUKAT

005 - Data i czas ostatniej modyfikacji

  • control field: 20260407111610.0

008 - Dane kontrolne kodowane (40 znaków)

  • fixed length control field: 960417n||a|znnaabn |a aaa |c

010 ## - Numer kontrolny Biblioteki Kongresu

  • numer kontrolny LC: n 96003750

024 7# - OTHER STANDARD IDENTIFIER

  • Standard number or code: 118151213
  • Source of number or code: viaf

024 7# - OTHER STANDARD IDENTIFIER

  • Standard number or code: 0000000121488138
  • Source of number or code: isni

024 7# - OTHER STANDARD IDENTIFIER

  • Standard number or code: Q7674474
  • Source of number or code: wikidata

040 ## - Instytucja sporządzająca rekord

  • inst. przygot. dane do rek. khw: KR U/IN
  • język haseł przedmiotowych/tezaurus: kaba
  • inst. wprow. rek. khw: KR U/IN
  • inst. modyf. rek. khw: WA U/EK
  • inst. modyf. rek. khw: WA U/77EBUs
  • inst. modyf. rek. khw: KR U/bs
  • inst. modyf. rek. khw: Ł U/PF
  • inst. modyf. rek. khw: WA U/ACH
  • inst. modyf. rek. khw: OLSZT 003/ER

043 ## - Kod obszaru geograficznego

  • ISO code: PL

046 ## - Special dates

  • Birth date: 1894
  • Death date: 1990

100 1# - Hasło - nazwa osobowa

  • nazwa osobowa w formie ujednoliconej: Gronowski, Tadeusz
  • daty biograficzne: (1894-1990).

370 ## - Associated place

  • Place of birth: Warszawa (Polska).
  • Auth control #: http://nukat.edu.pl/aut/s 94114898
  • Source of term: kaba

370 ## - Associated place

  • Place of death: Warszawa (Polska).
  • Auth control #: http://nukat.edu.pl/aut/s 94114898
  • Source of term: kaba

370 ## - Associated place

  • Country: Polska.
  • Auth control #: http://nukat.edu.pl/aut/s 94110000
  • Source of term: kaba

370 ## - Associated place

  • Residence/HQ: Warszawa (Polska).
  • Auth control #: http://nukat.edu.pl/aut/s 94114898
  • Source of term: kaba

372 ## - Field of activity

  • Field: Sztuka.
  • Auth control #: http://nukat.edu.pl/aut/s 94205751
  • Source of term: kaba

374 ## - Occupation

  • Occupation: Malarze.
  • Auth control #: http://nukat.edu.pl/aut/s 97051804
  • Source of term: kaba

374 ## - Occupation

  • Occupation: Ilustratorzy.
  • Auth control #: http://nukat.edu.pl/aut/s 95010366
  • Source of term: kaba

374 ## - Occupation

  • Occupation: Plakaciści.
  • Auth control #: http://nukat.edu.pl/aut/s 2007282923
  • Source of term: kaba

374 ## - Occupation

  • Occupation: Graficy.
  • Auth control #: http://nukat.edu.pl/aut/s 99082635
  • Source of term: kaba

374 ## - Occupation

  • Occupation: Dekoratorzy wnętrz.
  • Auth control #: http://nukat.edu.pl/aut/s 98056049
  • Source of term: kaba

375 ## - Gender

  • Gender: 1
  • Source of term: iso5218

377 ## - Assoc lang

  • Lang code: pol

400 1# - Trop zob. - nazwa osobowa

  • nazwa osobowa (nazwisko, imiona): Gronowski, Tadeusz Lucjan.

400 1# - Trop zob. - nazwa osobowa

  • nazwa osobowa (nazwisko, imiona): Gronowski, T.

400 1# - Trop zob. - nazwa osobowa

  • nazwa osobowa (nazwisko, imiona): Gronowski.

400 0# - Trop zob. - nazwa osobowa

  • nazwa osobowa (nazwisko, imiona): T. G. [a]

670 ## - Źródło informacji

  • źródło informacji: EPop.

670 ## - Źródło informacji

  • źródło informacji: Slawische Buchillustration im 20. Jahrhundert. - Köln, 1998.
  • gdzie znaleziono informację: Biogram

670 ## - Źródło informacji

  • źródło informacji: Tadeusz Gronowski, Witold Stefan Zaczeniuk : [wystawa] / CBWA. - Warszawa, 1958.
  • gdzie znaleziono informację: Biogram (błędna data ur.: 1895)

670 ## - Źródło informacji

  • źródło informacji: LCN'96

670 ## - Źródło informacji

  • źródło informacji: Kp. Zuch / Ewa Szelburg-Zarembina. - Warszawa, 1931.
  • gdzie znaleziono informację: Il.

670 ## - Źródło informacji

  • źródło informacji: Kp. [Białe gołębie i flagi] [Dokument ikonograficzny] / Gronowski. - [Kraków, 19]54.

670 ## - Źródło informacji

  • źródło informacji: Warszawa swojej politechnice [Dokument ikonograficzny] / T. G. - Warszawa, 1920.

670 ## - Źródło informacji

  • źródło informacji: Europa zbiera siano / Juljusz Kaden-Bandrowski. - Lwów, [1927].
  • gdzie znaleziono informację: Ilustrator

670 ## - Źródło informacji

  • źródło informacji: BNPol online

670 ## - Źródło informacji

  • źródło informacji: DNB online

670 ## - Źródło informacji

  • źródło informacji: LCA online

670 ## - Źródło informacji

  • źródło informacji: BNF-NA

670 ## - Źródło informacji

  • źródło informacji: pl.wikipedia, 5.07.2022
  • adres internetowy: https://pl.wikipedia.org/wiki/Tadeusz_Gronowski
Biblioteka Instytutu Północnego, ul. Partyzantów 87, 10-402 Olsztyn, email: biblioteka(at)ip.olsztyn.pl